| 000 | 00686nmc a2200253 a 4500 | ||
|---|---|---|---|
| 003 | AR-BaBNM | ||
| 005 | 20251128204124.0 | ||
| 008 | 305019s1992 ||||||||||||||000 | spa|| | ||
| 040 | _cAR-BaBNM | ||
| 100 | 1 |
_aCané, Miguel _chijo _d1851-1905 |
|
| 245 | 1 | 0 | _aJuvenilia |
| 260 |
_aBuenos Aires _bCentro Editor de América Latina _c1992 |
||
| 300 | 1 | _avii, 93 p. | |
| 490 | 0 | _aBiblioteca básica argentina. Serie A | |
| 650 | 4 | _aLITERATURA ARGENTINA | |
| 650 | 4 | _aGENERACION DE 1880 | |
| 653 | 0 | _aMEMORIAS | |
| 653 | 0 | _aNOVELA AUTOBIOGRAFICA | |
| 653 | 0 | _aLITEATURA JUVENIL | |
| 655 | _aLITERATURA | ||
| 700 | 1 |
_aZanetti, Susana _eprologuista |
|
| 942 | _cBK | ||
| 998 | _cEthel | ||
| 999 |
_c6261 _d6261 |
||